| 000 | 00656nam a22002417a 4500 | ||
|---|---|---|---|
| 008 | 130723b xxu||||| |||| 00| 0 eng d | ||
| 020 | _a81 224 0471 5 | ||
| 024 | _cAvailable | ||
| 037 | _cAvailable | ||
| 040 |
_aMBSTU Library _dMBSTU Library |
||
| 082 |
_222 _a547.7 MII |
||
| 100 | _aMisra,G.S. | ||
| 245 | _aIntroductory polymar chemistry | ||
| 260 |
_aNew Delhi _bNew age international (p) Ltd. _c1993 |
||
| 300 |
_a24 cm _b253 Page _f05 _g24 cm |
||
| 600 | _2Polymers | ||
| 650 | _2Polymers | ||
| 700 | _aMisra,G.S. | ||
| 270 |
_aNew Delhi _bNew Delhi _dIndia |
||
| 365 |
_b297 _d297 |
||
| 942 |
_2ddc _cBK |
||
| 999 |
_c598 _d598 |
||